000 01299nam a2200361 a 4500
001 000109442
003 CHAP
005 20220329144051.0
008 140429s2013 mx a sm |||||||spa d
010 _a105904
011 _a106876
040 _cCHAP
090 _aTesis
100 0 0 _aCruz Delgado, Daniela.
_929359
245 1 0 _aDesempeño del sector agropecuario mexicano en el marco de la integracion economica
_h[En línea]
_cpor Daniela Cruz Delgado.
260 _aChapingo, Méx. :
_bEl autor,
_c2013.
500 _aPara ver el contenido del material haga clic en la liga
502 _aTesis (Ph.D. en problemas Económico Agroindustriales) -- UACH. CIESTAAM
590 _aBATCH-UPD
_b05
_c20141002
_lUCH01
_h0902
590 _aE5995AHE
_b05
_c20140429
_lUCH01
_h1238
590 _aE5995AHE
_b05
_c20140429
_lUCH01
_h1238
590 _aE5995AHE
_b05
_c20140429
_lUCH01
_h1357
590 _aE5995AHE
_b05
_c20140429
_lUCH01
_h1431
650 1 4 _aComercio
_zMéxico.
_925624
650 1 4 _aFrutas y legumbres
_xMercadeo.
_943681
650 1 4 _aIntegración económica.
_959499
650 1 4 _aPolítica agrícola.
_990283
650 1 4 _aProductos agrícolas.
_991896
856 _aFinding aid
_uhttp://10.13.5.2/tesis/sist109442.pdf
_zTeclea aquí
901 _aBK
942 _cTESIS
942 _n0
999 _c105904
_d105904